| 000 | 00670nam a2200229 a 4500 | ||
|---|---|---|---|
| 005 | 20140311161037.0 | ||
| 008 | 111112s19uu xx 00 eng d | ||
| 050 |
_aQA 76.76 _b.C932 2011 |
||
| 100 | _aCrisostomo, Conchita Camba | ||
| 245 |
_aInternet technology : _bwith HTML and introduction to web page design / _cConchita Camba Crisostomo. |
||
| 250 | _a3rd. ed. | ||
| 260 |
_aLas Pinas City : _b3K IT Educational Services, _c2011. |
||
| 300 |
_a182 p. : _bill. ; _c23 cm. |
||
| 521 | _aIT | ||
| 650 | _aInformation technology | ||
| 942 |
_cBK _2lcc _kLOC |
||
| 999 |
_c25733 _d25733 |
||